000 00511nam a2200145Ia 4500
008 100204s9999 xx 000 0 und d
082 _b13323
100 _aकुंटे प्रभाकर
245 _aआकाशाची पाऊलवाटा
260 _b"पॉप्युलर प्रकाशन , मुंबई"
_c1990
300 _a72
630 _aआकाशाची पाऊलवाटा
730 _aआकाशाची पाऊलवाटा
942 _cBOOK
999 _c457755
_d457752